| 000 | 00881nam a22002177a 4500 | ||
|---|---|---|---|
| 999 |
_c7872 _d7872 |
||
| 001 | 21295 | ||
| 003 | BD-DhUAP | ||
| 005 | 20211121114357.0 | ||
| 008 | 211121b2020 bg a|||| |||| 001 0cben d | ||
| 020 | _a9789848179345 | ||
| 040 |
_aBD-DhUAP _bBD-DhUAP _cBEN _dBD-DhUAP _eBD-DhUAP |
||
| 082 |
_223 _a954.9205092 SUM |
||
| 100 | _aসুমি, মুনিরা জাহান । | ||
| 245 |
_aবঙ্গবন্ধুর মানবাধিকার দর্শন / _bমুনিরা জাহান সুমি । |
||
| 250 | _aপ্রথম প্রকাশ, | ||
| 260 |
_aঢাকা : _bতাম্রলিপি, _c২০২০ । |
||
| 300 |
_a১০৩ পৃষ্ঠা : _bচিত্র ; _c২১ সে.মি. । |
||
| 600 |
_aMujibur Rahman, Sheikh, _d(1920-1975) । |
||
| 650 |
_aBangladesh _xPolitics and government _y1975 |
||
| 942 |
_2ddc _cBK |
||